家族の手紙 = (رقم التسجيلة. 150052)

تفاصيل مارك
000 -LEADER
fixed length control field 00987nas a2200337 a 4500
008 - FIXED-LENGTH DATA ELEMENTS--GENERAL INFORMATION
fixed length control field 110818c19869999ja mr p 0 0jpnr
040 ## - CATALOGING SOURCE
Original cataloging agency EG-GiCUC
Language of cataloging jap
Transcribing agency EG-GiCUC
041 0# - LANGUAGE CODE
Language code of text/sound track or separate title eng
-- jpn
043 ## - GEOGRAPHIC AREA CODE
Geographic area code aw-----
-- a-ja---
092 04 - LOCALLY ASSIGNED DEWEY CALL NUMBER (OCLC)
Classification number 952.04
Item number j26
Edition number 21
099 ## - LOCAL FREE-TEXT CALL NUMBER (OCLC)
Classification number 04
-- 952.04 j26
245 00 - TITLE STATEMENT
Title 家族の手紙 =
Remainder of title jAL family letter
246 18 - VARYING FORM OF TITLE
Title proper/short title JAL家族の手紙
246 3# - VARYING FORM OF TITLE
Title proper/short title jAL family letter
246 30 - VARYING FORM OF TITLE
Title proper/short title 家族の手紙
260 ## - PUBLICATION, DISTRIBUTION, ETC.
Place of publication, distribution, etc. japan:
Name of publisher, distributor, etc. [japan{u2019}s airlines co],
Date of publication, distribution, etc. 1996-
300 ## - PHYSICAL DESCRIPTION
Extent v. ;
Dimensions 30 cm.
310 ## - CURRENT PUBLICATION FREQUENCY
Current publication frequency monthly
362 0# - DATES OF PUBLICATION AND/OR SEQUENTIAL DESIGNATION
Dates of publication and/or sequential designation No. 1 (1986)-
500 ## - GENERAL NOTE
General note Title from cover.
530 ## - ADDITIONAL PHYSICAL FORM AVAILABLE NOTE
Additional physical form available note Also issued online.
546 ## - LANGUAGE NOTE
Language note In Japanese, some English.
590 ## - LOCAL NOTE (RLIN)
Local note Library has .
650 #0 - SUBJECT ADDED ENTRY--TOPICAL TERM
Topical term or geographic name entry element JAPAN
650 #0 - SUBJECT ADDED ENTRY--TOPICAL TERM
Topical term or geographic name entry element JAPAN
General subdivision History and criticism
710 2# - ADDED ENTRY--CORPORATE NAME
Corporate name or jurisdiction name as entry element japan{u2019}s airlines co.
905 ## - LOCAL DATA ELEMENT E, LDE (RLIN)
Cataloger Abeer
Reviser Cat.
905 ## - LOCAL DATA ELEMENT E, LDE (RLIN)
Reviser Rev.
942 ## - ADDED ENTRY ELEMENTS (KOHA)
Source of classification or shelving scheme Dewey Decimal Classification
Koha item type Books
المقتنيات
Source of classification or shelving scheme Not for loan Home library Current library Date acquired Full call number Date last seen Koha item type
Dewey Decimal Classification   المكتبة المركزبة الجديدة - جامعة القاهرة قاعة الثقاقات الاجنبية - الدور الثالث 11.02.2024 952.04 j26 23.09.2023 Continuing Resources
Cairo University Libraries Portal Implemented & Customized by: Eng. M. Mohamady Contacts: new-lib@cl.cu.edu.eg | cnul@cl.cu.edu.eg
CUCL logo CNUL logo
© All rights reserved — Cairo University Libraries
CUCL logo
Implemented & Customized by: Eng. M. Mohamady Contact: new-lib@cl.cu.edu.eg © All rights reserved — New Central Library
CNUL logo
Implemented & Customized by: Eng. M. Mohamady Contact: cnul@cl.cu.edu.eg © All rights reserved — Cairo National University Library